Medzinárodná migrácia v krajinách EÚ v kontexte dôchodkovej nerovnosti

Výsledky ekonometrickej analýzy zameranej na determinanty stavu migrantov v členských krajinách EÚ a asymetria vplyvu hrubého domáceho produktu na obyvateľa v parite kúpnej sily na stav migrantov. Dôchodková nerovnosť v pozorovaných krajinách je významným determinantom medzinárodnej migrácie v kraji...

Ausführliche Beschreibung

Gespeichert in:
Bibliographische Detailangaben
1. Verfasser: Toma, Ján
Weitere Verfasser: Trnovský, Karol, 1983-
Format: Buchkapitel
Sprache:Slowakisch
Schlagworte:
Tags: Tag hinzufügen
Keine Tags, Fügen Sie das erste Tag hinzu!

MARC

LEADER 00000nla a2200000 4500
001 0226369
005 20240712112327.5
041 0 |a slo 
044 |a SK 
245 1 0 |a Medzinárodná migrácia v krajinách EÚ v kontexte dôchodkovej nerovnosti  |c Ján Toma, Karol Trnovský 
520 |a Výsledky ekonometrickej analýzy zameranej na determinanty stavu migrantov v členských krajinách EÚ a asymetria vplyvu hrubého domáceho produktu na obyvateľa v parite kúpnej sily na stav migrantov. Dôchodková nerovnosť v pozorovaných krajinách je významným determinantom medzinárodnej migrácie v krajinách Európskej únie. 
610 2 0 |a Európska únia 
610 2 0 |a pohyb síl pracovných medzinárodný 
610 2 0 |a migrácia 
610 2 0 |a pracovníci zahraniční 
610 2 0 |a práca v zahraničí 
610 2 0 |a nerovnosť dôchodková 
610 2 0 |a analýza ekonometrická 
610 2 0 |a modely ekonometrické 
100 1 |a Toma, Ján 
700 1 |a Trnovský, Karol, 1983-